Central Library OPAC University of Rajshahi

Economics / (Record no. 46183)

MARC details
000 -LEADER
fixed length control field 00840nam a2200289 a 4500
001 - CONTROL NUMBER
control field 46183
003 - CONTROL NUMBER IDENTIFIER
rucl marc code BD-RjUL
005 - DATE AND TIME OF LATEST TRANSACTION
control field 20211209054123.0
008 - FIXED-LENGTH DATA ELEMENTS--GENERAL INFORMATION
fixed length control field 010816s1985 nyua 001 0 eng d
020 ## - INTERNATIONAL STANDARD BOOK NUMBER
International Standard Book Number 0070546851
035 ## - SYSTEM CONTROL NUMBER
System control number (BD-RjUL)46301
040 ## - CATALOGING SOURCE
Original cataloging agency UKM
Transcribing agency UKM
Modifying agency m.c
-- BD-RjUL
Language of cataloging eng
041 ## - LANGUAGE CODE
Language code of text/sound track or separate title eng
080 ## - UNIVERSAL DECIMAL CLASSIFICATION NUMBER
Universal Decimal Classification number 33
082 ## - DEWEY DECIMAL CLASSIFICATION NUMBER
Classification number 330
Edition number 19
Author mark and year SAE 1985
100 1# - MAIN ENTRY--PERSONAL NAME
Personal name Samuelson, Paul A.
Fuller form of name (Paul Anthony),
Dates associated with a name 1915-2009.
9 (RLIN) 130898
245 10 - TITLE STATEMENT
Title Economics /
Statement of responsibility, etc. Paul A. Samuelson, William D. Nordhaus,
250 ## - EDITION STATEMENT
Edition statement 12th ed. /
260 ## - PUBLICATION, DISTRIBUTION, ETC. (IMPRINT)
Place of publication, distribution, etc. New York ;
-- London :
Name of publisher, distributor, etc. McGraw-Hill Book Company,
Date of publication, distribution, etc. c1985
300 ## - PHYSICAL DESCRIPTION
Pagination xxxv, 950 p. :
Illustrations col. ill ;
Size 23 cm
500 ## - GENERAL NOTE
General note Col. ill. on lining papers
General note Includes index
650 #0 - SUBJECT ADDED ENTRY--TOPICAL TERM
Topical term or geographic name as entry element Economics
9 (RLIN) 141112
700 1# - ADDED ENTRY--PERSONAL NAME
Personal name Nordhaus, William D.
942 ## - ADDED ENTRY ELEMENTS (KOHA)
Source of classification or shelving scheme Dewey Decimal Classification
Koha item type Books
Holdings
Lost status Source of classification or shelving scheme Damaged status Not for loan Collection code Permanent Location Current Location Shelving location Date acquired Source of acquisition Cost, normal purchase price Total Checkouts Full call number Date last seen Copy number Koha item type
  Dewey Decimal Classification     Non-fiction Central Library, University of Rajshahi Central Library, University of Rajshahi   03/09/1986 Tulip International 5.80   330 SAE 1985 01/08/2016 C-2 Books